000 00500cam a22002051 4500
001 med46000094
003 DLC
005 20260227111556.0
008 810920s1946 xx 000 0 eng
010 _amed46000094
035 _a(OCoLC)14747496
040 _aDLC
_cDNLM
_dDLC
042 _apremarc
050 0 0 _aRG186
_b.C3
060 0 _aWP 580
_bC321c 1946
100 1 _aCarson, Walter W.
245 1 0 _aChange of life in women ...
260 _a[Evansville, Ind.,
_cc1946]
300 _a539 p.
999 _c37847
_d37847